000 01399 a2200385 4500
001 23871140
003 0199056
005 20251011162158.0
008 240919s2024 nyu 000 0 eng
010 _a 2024946876
020 _a9780192844071
020 _z9780192657923
020 _z9780192657916
020 _z9780191926839
035 _a23871140
040 _aDLC
_beng
_erda
_cDLC
042 _apcc
050 _aHV 721
_b.P76 2025
100 _4Editor
_aBissell Susan
245 0 4 _aThe safety and protection of the world's children :
_bongoing challenges in a growing field /
_cSusan Bissell, A.K. Shiva Kumar.
250 _a1.
263 _a2411
264 1 _aNew York :
_bOxford University Press,
_c2024.
300 _axxxiv, 239p.:
336 _atext
_btxt
_2rdacontent
337 _aunmediated
_bn
_2rdamedia
338 _avolume
_bnc
_2rdacarrier
520 _a"Discourse surrounding the safety and protection of children has been influenced by various approaches. It is now timely to consider a broader framework that brings these together, for they are mutually reinforcing"--
_cProvided by publisher.
650 _2
700 1 _aBissell, Susan,
_eeditor.
700 1 _aKumar, A.K. Shiva,
_eeditor.
906 _a0
_bibc
_corignew
_d2
_eepcn
_f20
_gy-gencatlg
942 _2lcc
_cBK
999 _c43705
_d43705